Normale Ansicht MARC-Ansicht ISBD

Wo Heinrich von Kleist seine Abschiedsbriefe schrieb. (Titelsatznr. 80717)

[ MARC ]
MARC-Details
000 -Satzkennung
Kontrollfeld mit fester Länge 00526nam a22001577a 4500
008 - Feld mit fester Länge zur physischen Beschreibung - Allgemeine Angaben
Kontrollfeld mit fester Länge 210215b ||||| |||| 00| 0 eng d
040 ## - Katalogisierungsquelle
Original-Katalogisierungsstelle STAFF
Katalogisierungssprache ger
Übertragungsstelle STAFF
Beschreibungsfestlegungen rda
041 ## - Sprachcode
Sprachcode des Textes/der Tonspur oder des separaten Titels ger
100 ## - Person oder Familie als 1. geistiger Schöpfer
Personenname Mende, Jan:
245 ## - Titel
Haupttitel Wo Heinrich von Kleist seine Abschiedsbriefe schrieb.
Titelzusatz Zwei unbekannte Ansichten von "Stimmings Krug" entdeckt /
Verantwortlichkeitsangabe Jan Mende
773 ## - Übergeordnete Einheit
Ort, Verlag und Erscheinungsjahr Frankfurt (Oder): Kleist-Museum
Verknüpfungsangaben Heft 2020, S. 16-23
Titel Gedanken-striche
Datensatzkontrollnummer 17028
942 ## - Zusätzliche Felder (Koha)
Koha-Medientyp Aufsätze
Exemplare
Ausgeschieden Verloren Beschädigt Nicht entleihbar Permanenter Standort Aktueller Standort Aufstellungsort Eingabedatum Jahrgang/Heft Anzahl Ausleihen Signatur Letzte Aktivität Preis gültig von Medientyp
        Stadtarchiv Frankfurt (Oder) | Archivbibliothek Stadtarchiv Frankfurt (Oder) | Archivbibliothek Magazin 15/02/2021 2020   II: 4551 15/02/2021 15/02/2021 Aufsätze